Metódy, nástroje a techniky manažérstva kvality

Gespeichert in:
Bibliographische Detailangaben
1. Verfasser: Závadský, Ján
Format: Buch
Sprache:Slowakisch
Veröffentlicht: Banská Bystrica Univerzita Mateja Bela, Ekonomická fakulta v Banskej Bystrici 2006
Schlagworte:
Tags: Tag hinzufügen
Keine Tags, Fügen Sie das erste Tag hinzu!

MARC

LEADER 00000nam$a2200000$$$4500
001 0049061
005 20230113113714.1
020 |a 80-8083-189-0 
041 0 |a slo 
044 |a SK 
245 1 0 |a Metódy, nástroje a techniky manažérstva kvality  |c Ján Závadský 
264 1 |a Banská Bystrica  |b Univerzita Mateja Bela, Ekonomická fakulta v Banskej Bystrici  |c 2006 
300 |a 178 s. 
610 2 0 |a riadenie kvality 
610 2 0 |a metódy riadenia 
610 2 0 |a technika riadenia 
610 2 0 |a nástroje riadenia 
610 2 0 |a štatistika 
610 2 0 |a metódy plánovania 
610 2 0 |a inovácia 
610 2 0 |a analýzy 
610 2 0 |a systémy informačné 
610 2 0 |a procesory tabuľkové 
610 2 0 |a softvér 
100 1 |a Závadský, Ján